000 00304nam a22001337a 4500
008 171014b xxu||||| |||| 00| 0 eng d
020 _a2900073287118
041 _aeng
080 _a330.101.541
100 _a52
101 _aMAK
245 _aTHE MACROECONOMIY TODAY
_cSCHILLER, B.R
942 _2udc
_cBK
999 _c33842
_d33842